| 000 | 00409nam a2200145 a 4500 | ||
|---|---|---|---|
| 001 | 3532 | ||
| 003 | CDMR | ||
| 005 | 20130326122554.0 | ||
| 008 | 130130s2002||||||||||||||||||||||||||||d | ||
| 040 |
_aCDMR _bcat _cCPC LLEIDA |
||
| 100 | 1 |
_aMartinchuk, Ernesto _92530 |
|
| 245 | 1 | 0 |
_aTelevisión para periodistas _bUn enfoque práctico _cMARTINCHUK, Ernesto |
| 260 |
_aBuenos Aires _c2002 _bLa Crujía |
||
| 942 |
_cMON _2udc |
||
| 999 |
_c3532 _d3532 |
||